LEADER 01099nam0-22003851i-450- 001 990000774600403321 005 20001010 010 $a88-203-1874-1 035 $a000077460 035 $aFED01000077460 035 $a(Aleph)000077460FED01 035 $a000077460 100 $a20001010d--------km-y0itay50------ba 101 0 $aita 105 $ay-------001yy 200 1 $aDiscariche controllate$enormativa, indagine, progettazione, monitoraggio, bonifiche$fSonia Gervasoni 210 $aMilano$cU. Hoepli$d1991 215 $a223 p.$cgraf.$d24 cm 300 $aBibliografia: p. [215]-217 Include un appendice e un indice analitico 610 0 $aDiscariche 610 0 $aSmaltimento 610 0 $aRifiu 610 0 $ati solidi urbani 610 0 $aMonitoraggio 610 0 $aProgettazione 676 $a628.445 700 1$aGervasoni,$bSonia$0343757 801 0$aIT$bUNINA$gRICA$2UNIMARC 901 $aBK 912 $a990000774600403321 952 $aTECN B 795$bINV.3288$fFARBC 959 $aFARBC 996 $aDiscariche controllate$9349790 997 $aUNINA DB $aING01 LEADER 01353nam2-2200445---450- 001 990005959910203316 005 20140902110258.0 010 $a978-2-07-011932-5 035 $a000595991 035 $aUSA01000595991 035 $a(ALEPH)000595991USA01 035 $a000595991 100 $a20140902d2007----km-y0itay50------ba 101 $afre 102 $aFR 105 $a||||||||001yy 200 1 $aIndex$fpar Jean Benoit Guinot$gavec la collaboration de Matthieu Desportes... [et al.]$gtable de correspondants par Yvan Leclerc 210 $aParis$cGallimard$d2007 215 $a467 p.$d17 cm 225 2 $aBibliothèque de la Pléiade$v539 bis 410 0$12001$aBibliothèque de la Pléiade$v539 bis 454 1$12001 461 1$1001000595978$12001 606 1 $aFlaubert, Gustave$xBiografia 606 1 $aFlaubert, Gustave$xLettere e carteggi 676 $a843.8 700 1$aFLAUBERT,$bGustave$0142392 702 1$aBRUNEAU,$bJean 702 1$aLECLERC,$bYvan 702 $aGUINOT,$bJean-Benoît 702 $aDESPORTES,$bMatthieu 801 0$aIT$bsalbc$gISBD 912 $a990005959910203316 951 $aII.4.COLL.1/38.6$b351 DIPSUM 959 $aBK 969 $aDSLL 979 $aMARANO$b90$c20140902$lUSA01$h1101 979 $aMARANO$b90$c20140902$lUSA01$h1102 996 $aIndex$91071176 997 $aUNISA